|
|
|
|
| LEADER |
01008nam a2200289 4500 |
| 001 |
DLU210196687 |
| 005 |
##20210629 |
| 040 |
# |
# |
|a DLU
|b vie
|
| 041 |
# |
# |
|a vie
|
| 044 |
# |
# |
|a vn
|
| 100 |
# |
# |
|a Hồ Thị Duyên.
|
| 245 |
# |
# |
|a Đánh giá thực trạng pháp luật Việt Nam về quy trình giám sát doanh nghiệp nhà nước với các khuyến nghị của OECD và một số đề xuất /
|c Hồ Thị Duyên, Hồ Thị Hải.
|
| 653 |
# |
# |
|a Doanh nghiệp nhà nước
|
| 653 |
# |
# |
|a Giám sát
|
| 653 |
# |
# |
|a OECD
|
| 700 |
# |
# |
|a Hồ Thị Hải.
|
| 773 |
# |
# |
|t Nghiên cứu Châu Âu
|g Số 10(229), 2019, tr. 74-84
|
| 920 |
# |
# |
|a Phòng Tạp chí -- Trung tâm Thông tin - Thư viện Trường Đại học Đà Lạt
|
| 933 |
# |
# |
|a XH
|
| 994 |
# |
# |
|a DLU
|
| 900 |
# |
# |
|a True
|
| 911 |
# |
# |
|a Hoàng Thị Huyền
|
| 925 |
# |
# |
|a G
|
| 926 |
# |
# |
|a A
|
| 927 |
# |
# |
|a BB
|
| 980 |
# |
# |
|a Thư viện Trường Đại học Đà Lạt
|